| 000 | 00805cam a2200325 i 4500 | ||
|---|---|---|---|
| 005 | 20241009162658.0 | ||
| 008 | 230507s2011 mx a 001 spa d | ||
| 020 | _a9788481748321 | ||
| 041 | _aESP | ||
| 082 | _a611 D762a | ||
| 100 |
_aRichard L., Drake _945839 |
||
| 100 |
_aWayne, Vogl _945840 |
||
| 100 |
_aM. Mitchell, Adam W _945841 |
||
| 245 | _aAnatomía para estudiantes | ||
| 260 | _aEspaña | ||
| 260 | _bElsevier | ||
| 260 | _c2007 | ||
| 300 | _a1058 páginas | ||
| 300 | _bIlustraciones a color | ||
| 650 | _aANATOMÍA HUMANA | ||
| 650 | _aTÉCNICAS DE IMAGEN | ||
| 650 | _aTÓRAX | ||
| 650 | _aEXTREMIDAD INFERIOR | ||
| 650 | _aANATOMÍA REGIONAL | ||
| 650 | _aCABEZA Y CUELLO | ||
| 650 | _aCARA | ||
| 650 | _aPELVIS Y PERINÉ | ||
| 942 |
_cBK _2ddc |
||
| 999 |
_c10386 _d10386 |
||